| 000 | 00429nam a2200157Ia 4500 | ||
|---|---|---|---|
| 008 | 210716s2007 xx 000 0 und d | ||
| 020 | _a9781403922526 | ||
| 041 | _aeng | ||
| 082 | _a003 SHAJ | ||
| 100 | _aSharma, J K. | ||
| 245 |
_aOperations research: problems and solutions. _bProblems and solutions. |
||
| 250 | _a2 | ||
| 260 |
_aNew Delhi _bMacmillan India Ltd _c2007 |
||
| 300 | _av,902 | ||
| 650 | _aOperations Research | ||
| 999 |
_c188943 _d188943 |
||